Beginning French language 1: a systematic guide for Anglophone learner
Guardat en:
| Autor principal: | |
|---|---|
| Format: | Llibre |
| Idioma: | anglès |
| Publicat: |
Renee Communications
2007
|
| Etiquetes: |
Afegir etiqueta
Sense etiquetes, Sigues el primer a etiquetar aquest registre!
|
MARC
| LEADER | 00000nam a22000007a 4500 | ||
|---|---|---|---|
| 008 | 230705b |||||||| |||| 00| 0 eng d | ||
| 020 | |a 9789780851842 | ||
| 100 | |a Awa, Ezinne | ||
| 245 | |a Beginning French language 1: |b a systematic guide for Anglophone learner |c / Ezinne, Awa |g xi, 103p. | ||
| 260 | |b Renee Communications |c 2007 |h Lagos |i 673875 |l PC2112.Aw1 |m French language - Study and teaching |m French language - Textbooks for foreign speakers | ||
| 942 | |a lcc |c BK |e A.R.Akinniyi |f 5:7:23 | ||
| 952 | |0 0 |1 0 |2 lcc |4 0 |6 PC2112 A W1 |7 0 |9 4268 |a HOL |b HOL |c LP |d 2023-07-05 |l 0 |o PC2112.Aw1 |p 2023-0197 |r 2023-07-05 00:00:00 |t 673875 |w 2023-07-05 |y BK | ||
| 999 | |c 2143 |d 2143 | ||